Statistics for U.S. States With No Income Taxes

Click here to take the quiz!

General Stats

  • This quiz has been taken 42 times
  • The average score is 6 of 9

Answer Stats

U.S. State% Correct
Texas
97%
Florida
82%
Alaska
74%
Wyoming
71%
Nevada
65%
South Dakota
65%
New Hampshire
62%
Tennessee
62%
Washington
62%

Score Distribution

Percentile by Number Answered

Percent of People with Each Score

Your Score History

You have not taken this quiz